000
00313nam a2200133Ia 4500
008
191201s2010 xx 000 0 und d
100
_a
GUPTA,Shashi,K
245
0
_a
Financial Institutions and Markets
250
_a
Rep
260
_c
2010
_b
Kalyani
_a
N. Delhi
300
_a
MISC
650
_a
MBA
942
_2
ddc
_c
BB
999
_c
7337
_d
7337